<?xml version="1.0" encoding="UTF-8"?>
<record
    xmlns:xsi="http://www.w3.org/2001/XMLSchema-instance"
    xsi:schemaLocation="http://www.loc.gov/MARC21/slim http://www.loc.gov/standards/marcxml/schema/MARC21slim.xsd"
    xmlns="http://www.loc.gov/MARC21/slim">

  <leader>01391nam a22002417a 4500</leader>
  <controlfield tag="005">20230306165222.0</controlfield>
  <controlfield tag="008">230306b           ||||| |||| 00| 0 eng d</controlfield>
  <datafield tag="020" ind1=" " ind2=" ">
    <subfield code="a">9789351485193</subfield>
  </datafield>
  <datafield tag="040" ind1=" " ind2=" ">
    <subfield code="c">AL</subfield>
  </datafield>
  <datafield tag="041" ind1=" " ind2=" ">
    <subfield code="a">English</subfield>
  </datafield>
  <datafield tag="082" ind1=" " ind2=" ">
    <subfield code="2">23</subfield>
    <subfield code="a">109</subfield>
    <subfield code="b">DESA</subfield>
  </datafield>
  <datafield tag="100" ind1=" " ind2=" ">
    <subfield code="a">Cyril Desbruslais</subfield>
    <subfield code="9">74311</subfield>
  </datafield>
  <datafield tag="245" ind1=" " ind2=" ">
    <subfield code="a">Ancient Medieval and Modern Philosophy: A Historical Introduction 500 BC-1800 AD</subfield>
  </datafield>
  <datafield tag="260" ind1=" " ind2=" ">
    <subfield code="a">Pune</subfield>
    <subfield code="b">Jnana Deepa Vidyapeeth</subfield>
    <subfield code="c">2021</subfield>
  </datafield>
  <datafield tag="300" ind1=" " ind2=" ">
    <subfield code="a">xiii,285 p.</subfield>
    <subfield code="b">PB</subfield>
    <subfield code="c">23x15.5 cm.</subfield>
  </datafield>
  <datafield tag="365" ind1=" " ind2=" ">
    <subfield code="a">02302</subfield>
    <subfield code="c">&#x20B9;</subfield>
    <subfield code="d">&#x20B9;600.00</subfield>
    <subfield code="f">01-12-2022</subfield>
  </datafield>
  <datafield tag="440" ind1=" " ind2=" ">
    <subfield code="a">JDV Philosophy Series-17</subfield>
    <subfield code="9">74312</subfield>
  </datafield>
  <datafield tag="520" ind1=" " ind2=" ">
    <subfield code="a">This informative book gives an accurate and insightful overview of Western Philosophy starting from the Pre-Socratic Philosophers and leading to Immanuel Kant. The vision and understanding of the prominent philosophers are critically studied in terms of their understanding of the human person, world and God. This book studies the Ancient, Medieval and Modern philosophical schools and personalities. This creative venture is the fruit of about 60 years of enriching philosophical discussion with young scholars. It gives a bird&#x2019;s eye-view of more than 2000 years of Western thought! A must for anyone interested in the history of Western philosophy.</subfield>
  </datafield>
  <datafield tag="650" ind1=" " ind2=" ">
    <subfield code="a">Philosophy</subfield>
    <subfield code="9">74313</subfield>
  </datafield>
  <datafield tag="700" ind1=" " ind2=" ">
    <subfield code="a">DESBRUSLAIS (Cyril)</subfield>
    <subfield code="9">74314</subfield>
  </datafield>
  <datafield tag="700" ind1=" " ind2=" ">
    <subfield code="a">MENDONCA (Valerian) Ed</subfield>
    <subfield code="9">74315</subfield>
  </datafield>
  <datafield tag="942" ind1=" " ind2=" ">
    <subfield code="2">ddc</subfield>
    <subfield code="c">BK</subfield>
  </datafield>
  <datafield tag="999" ind1=" " ind2=" ">
    <subfield code="c">226904</subfield>
    <subfield code="d">226904</subfield>
  </datafield>
  <datafield tag="952" ind1=" " ind2=" ">
    <subfield code="0">0</subfield>
    <subfield code="1">0</subfield>
    <subfield code="2">ddc</subfield>
    <subfield code="4">0</subfield>
    <subfield code="7">0</subfield>
    <subfield code="8">HIS</subfield>
    <subfield code="a">AL</subfield>
    <subfield code="b">AL</subfield>
    <subfield code="d">2023-03-02</subfield>
    <subfield code="e">Papal Seminary Pune Maharashtra 411014</subfield>
    <subfield code="g">600.00</subfield>
    <subfield code="l">0</subfield>
    <subfield code="o">109 DESA</subfield>
    <subfield code="p">076426</subfield>
    <subfield code="r">2023-03-06 00:00:00</subfield>
    <subfield code="v">600.00</subfield>
    <subfield code="w">2023-03-06</subfield>
    <subfield code="y">BK</subfield>
  </datafield>
</record>
